| 000 | 00840cam a22002534a 4500 | ||
|---|---|---|---|
| 001 | 12032923 | ||
| 005 | 20180918044242.0 | ||
| 008 | 000607s2001 nyua b 000 0 eng | ||
| 010 | _a 00055154 | ||
| 020 | _a1930556047 | ||
| 040 |
_aDLC _cDLC _dDLC |
||
| 041 | _aeng | ||
| 042 | _apcc | ||
| 043 | _an-us--- | ||
| 080 | _a373.01 PUC | ||
| 082 | 0 | 0 |
_a373.01 PUC _221 |
| 100 | 1 | _a25 | |
| 101 | _aEDU | ||
| 245 | 1 | 0 |
_aBeyond vocational education : _cDavid J. Pucel. |
| 504 | _aIncludes bibliographical references. | ||
| 906 |
_a7 _bcbc _corignew _d1 _eocip _f20 _gy-gencatlg |
||
| 942 |
_2ddc _cBK |
||
| 999 |
_c47908 _d47908 |
||